书目信息 |
| 书名: | A STREETCAR NAMED DESIRE | |
| 作者: | Tennessee Williams | |
| 分册号: | ||
| 分册名: | 出版地: | AMERICA |
|
| 出版社: | A SIGNET BOOK | |
| 出版时间: | 1975 | |
| 页数: | 142P | |
| 开本: | 20CM | |
| 丛书名: | ||
| 中图分类号: | ||
| 科图分类号: | ||
| 其他分类号: | I712.45 | |
| 主题词: | ||
| 电子资源: | ||
| 000 | 00396nam0 2200145 450 | |
| 001 | 202012001054 | |
| 005 | 20121108090156.0 | |
| 008 | 12102701s | |
| 020 | @a071162007992@c$7.99 | |
| 099 | @dI712.45@eT2979 | |
| 245 | 10 | @aA STREETCAR NAMED DESIRE @cTennessee Williams |
| 260 | 0 | @aAMERICA@bA SIGNET BOOK@c1975 |
| 300 | @a142P@c20CM | |
| 905 | @b009956 | |
| 905 | @aTSG@dI712.45@eT2979 | |
| A STREETCAR NAMED DESIRE / Tennessee Williams .-AMERICA : A SIGNET BOOK , 1975 |
| 142P ; 20CM |
| ISBN 071162007992$7.99 |
| ● |
| 相关链接 |
|
|
|
正题名:A STREETCAR NAMED DESIRE
索取号:I712.45/T2979
 
预约/预借
| 序号 | 登录号 | 条形码 | 馆藏地/架位号 | 状态 | 备注 |
| 1 | 9956 | 300099569 | 文学库116/ [索取号:I712.45/T2979] | 在馆 |